Aspirasi A++ : latihan penulisan UPSR tahun 4&5

Bibliographic Details
Other Authors: Junaidi Yusuf, Sulaiman Zakaria
Format: Book
Published: Selangor : Penerbitan Prestasi Cemerlang Sdn. Bhd. , 2020
Subjects:

MARC

LEADER 00000cam a2200000 7i4500
001 0000085652
005 20201001.0
008 201001
020 |a 9789831664841 
041 0 |a Malay 
090 0 0 |a 499.2382   |b BAH 
245 1 0 |a Aspirasi A++ :   |b latihan penulisan UPSR tahun 4&5 
260 |a Selangor :   |b Penerbitan Prestasi Cemerlang Sdn. Bhd. ,   |c 2020 
300 |a 96 p. :   |b ill. ;   |c 25.4 cm. 
500 |a Teenager ages 13-18 years old (blue) 
541 0 0 |c Purchased on 2020   |f 2020/701 CRP   |h RM11.99 
650 0 |a Malay language   |x UPSR 
700 0 |a Junaidi Yusuf 
700 0 |a Sulaiman Zakaria 
999 |a 0001629190   |b Book   |c REFERENCE   |e Cawangan Taman Universiti 
999 |a 0001629191   |b Book   |c Teenagers   |e Cawangan Bandar Tenggara 
999 |a 0001629192   |b Book   |c Adult Collection   |e Cawangan Bandar Penawar 
999 |a 0001629193   |b Book   |c REFERENCE   |e Cawangan Sri Merlong 
999 |a 0001629194   |b Book   |c Teenagers   |e Cawangan Tmn. Ungku Tun Aminah 
999 |a 0001629195   |b Book   |c Teenagers   |e Cawangan Kota Tinggi 
999 |a 0001629196   |b Book   |c Adult Collection   |e Cawangan Bukit Gambir 
999 |a 0001629197   |b Book   |c Teenagers   |e Cawangan Mersing 
999 |a 0001629198   |b Book   |c REFERENCE   |e Cawangan Taman Sri Lambak 
999 |a 0001629199   |b Book   |c REFERENCE   |e Cawangan Tangkak 
999 |a 0001629200   |b Book   |c REFERENCE   |e Cawangan Pontian 
999 |a 0001629201   |b Book   |c Adult Collection   |e Cawangan Segamat 
999 |a 0001629202   |b Book   |c Adult Collection   |e Cawangan Batu Pahat 
999 |a 0001629203   |b Book   |c Children Collection   |e Cawangan Muar 
999 |a 0001632338   |b Book   |c Teenagers   |e Perbadanan Perpustakaan Awam Johor 
999 |a 0001632339   |b Book   |c Teenagers   |e Cawangan Urban Transformation Centre 
999 |a 0001632340   |b Book   |c Teenagers   |e Cawangan AEON Kulaijaya